|
|
|
|
| LEADER |
01085nam a2200253 a 4500 |
| 001 |
1072063 |
| 008 |
100928s1992 maua b 001 0 eng d |
| 010 |
|
|
|a 91041385
|
| 020 |
|
|
|a 9788131715055
|
| 020 |
|
|
|a 0201533774
|
| 040 |
|
|
|a DLC
|c DLC
|d DLC
|d DB-DhAAL
|
| 082 |
0 |
0 |
|a 006.3
|2 20
|
| 100 |
1 |
|
|a Winston, Patrick Henry.
|
| 245 |
1 |
0 |
|a Artificial intelligence /
|c Patrick Henry Winston.
|
| 250 |
|
|
|a 3rd ed.
|
| 260 |
|
|
|a Reading, Mass. ;
|a New Delhi :
|b Pearson Education,
|c c1992.
|
| 300 |
|
|
|a xxv, 737 p. :
|b ill. ;
|c 25 cm.
|
| 504 |
|
|
|a Includes bibliographical references (p. 693-724) and index.
|
| 541 |
1 |
|
|e 00021089
|
| 650 |
|
0 |
|a Artificial intelligence.
|
| 852 |
4 |
|
|a Ayesha Abed Library
|j General Shelf.
|
| 999 |
|
|
|c 9568
|d 9568
|
| 952 |
|
|
|0 0
|1 0
|2 ddc
|4 0
|6 006_300000000000000_WIN_1992
|7 0
|9 12153
|a BRACUL
|b BRACUL
|c GEN
|d 2010-09-29
|l 12
|m 52
|o 006.3 WIN
|p 3010021089
|r 2026-04-12
|s 2026-02-24
|t 1
|w 2010-09-29
|y BK
|
| 952 |
|
|
|0 0
|1 0
|2 ddc
|4 0
|6 006_300000000000000_WIN
|7 0
|9 13606
|a BRACUL
|b BRACUL
|c GEN
|d 2010-12-13
|e TRIM EDUCATION
|l 6
|m 73
|o 006.3 WIN
|p 3010021619
|r 2022-10-15
|s 2022-04-13
|t 2
|w 2010-12-13
|y BK
|